Traité pratique des maladies des voies urinaires et des organes générateurs de l'homme et de la femme / (Record no. 156470)

MARC details
000 -LEADER
campo de control de longitud fija 00798nam a22001815i 4500
001 - NÚMERO DE CONTROL
campo de control 156470
003 - IDENTIFICADOR DE NÚMERO DE CONTROL
campo de control ES-MaACL
005 - FECHA Y HORA DE LA ÚLTIMA TRANSACCIÓN
campo de control 20230906210421.0
008 - DATOS DE LONGITUD FIJA--INFORMACIÓN GENERAL
campo de control de longitud fija 040805s1864 fr a |||| | fre d
040 ## - FUENTE DE CATALOGACIÓN
Centro catalogador/agencia de origen CAM
Lengua de catalogación spa
Centro/agencia transcriptor CAM
100 1# - ENTRADA PRINCIPAL--NOMBRE DE PERSONA
Nombre de persona Jozan de Saint-André, Émile.
9 (RLIN) 128379
245 10 - MENCIÓN DEL TÍTULO
Título Traité pratique des maladies des voies urinaires et des organes générateurs de l'homme et de la femme /
Mención de responsabilidad, etc. par Em. Jozan.
250 ## - MENCION DE EDICION
Mención de edición 2e éd.
Resto de la mención de edición illustré des 314 figures d'anatomie.
260 ## - PUBLICACIÓN, DISTRIBUCIÓN, ETC.
Lugar de publicación, distribución, etc. Paris :
Nombre del editor, distribuidor, etc. l'auteur :
-- Jules Masson,
Fecha de publicación, distribución, etc. 1864 (
Fabricante typographie de Ad. R. Lainé et J. Havard)
300 ## - DESCRIPCIÓN FÍSICA
Extensión XII, 872 p. :
Otras características físicas il. ;
Dimensiones 18 cm.
650 #4 - PUNTO DE ACCESO ADICIONAL DE MATERIA--TÉRMINO DE MATERIA
Término de materia o nombre geográfico como elemento de entrada Aparato génito urinario-
Subdivisión general Enfermedades.
9 (RLIN) 135583
852 ## - LOCALIZACIÓN
Ubicación ES-MaACL
Número de control de estantería G-10720
Nota libre -- Enc. pasta española
-- -- Legado Gustavo Sáenz Díez, Septiembre 1893
Holdings
Estatus retirado Estado de pérdida Estado de daño No para préstamo Colección Biblioteca de origen Biblioteca actual Ubicación en estantería Fecha de adquisición Fuente de adquisición Total de préstamos Signatura topográfica completa Código de barras Visto por última vez Precio de reemplazo Tipo de ítem Koha
        Libros del s. XIX Biblioteca del Ateneo de Madrid Biblioteca del Ateneo de Madrid Sala Pecera Planta 3 17/01/2008     G-10720 1163702 23/02/2023 23/02/2023 Libro impreso antiguo